000 00515nam a2200145Ia 4500
008 100204s9999 xx 000 0 und d
082 _b18232
100 _aगोडबोले अरुण
245 _aसातारा ते सिंगापूर
260 _b"कोशिक प्रकाशन , सातारा"
_c1994 2
300 _a96
630 _aसातारा ते सिंगापूर
730 _aसातारा ते सिंगापूर
942 _cBOOK
999 _c462655
_d462652